000 00810nam a2200253Ia 4500
003 OSt
005 20221005082217.0
006 a|||||r|||| 00| 0
007 ta
008 221004b |||||||| |||| 00| 0 eng d
020 _a9788187374732
_c795
024 _a122204
037 _bCBS/125, 21/08/2012, Classic Book Service
_cTextual
040 _aCRL
_cCRL
_beng
041 _2eng
_aeng
082 _aW:5.49G, Q2
100 _aBhattacharyya Harihar Ed.
_9400502
245 0 _aPolitics of citizenship,identity and the state in South Asia
260 _aNew Delhi
_bSamskriti India
_c2012
300 _axxvi,312p.
_ccm.
650 _aPOLITICAL SCIENCE
942 _hW:5.49G, Q2
_cTEXL
_2cc
999 _c988895
_d988895